| 000 | 01171nam a22003377a 4500 | ||
|---|---|---|---|
| 003 | CHAP | ||
| 005 | 20220329133221.0 | ||
| 008 | 971013s1990 r 00010 d | ||
| 010 | _a3507 | ||
| 011 | _a4479 | ||
| 035 | _a3683 | ||
| 040 | _cCHAP | ||
| 090 | _aFolleto 12780 | ||
| 100 | 0 | 0 |
_aRuíz Figueroa, José Feliciano. _9100875 |
| 245 |
_aCausas y consecuencia de la contaminación del suelo _b: mesa redonda |
||
| 260 |
_aChapingo, Méx. : _bUACH. Departamento de Suelos, _c1990 |
||
| 300 |
_a66 p. _b; gráfs |
||
| 500 | _aD50-76 | ||
| 590 |
_aBATCH-UPD _b10 _c20130110 _lUCH01 _h1209 |
||
| 590 |
_aBATCH-UPD _b10 _c20130410 _lUCH01 _h0749 |
||
| 590 |
_aBATCH-UPD _b10 _c20130914 _lUCH01 _h1807 |
||
| 590 |
_aCONVERSION _b10 _c20130109 _lUCH01 _h1303 |
||
| 650 | 1 | 4 |
_aMedio ambiente _xContaminación. _974069 |
| 650 | 1 | 4 |
_aSuelos _xContaminación. _9110327 |
| 901 | _aBK | ||
| 942 | _cFOLL | ||
| 949 |
_aFolleto 12780 _bBC _cFOLL _d-13208 _eTS1 _i3683 _mD _si |
||
| 949 |
_aFolleto 12780 _bBC _cFOLL _d-72876 _eTS2 _fc.2 _i3683 _mD _si |
||
| 949 |
_aFolleto 12780 _bBC _cFOLL _d33724002170025 _eTS2 _fc.4 _i3683 _st |
||
| 949 |
_aFolleto 12780 _bBC _cUACH _d-72878 _eUACH _fc.3 _i3683 _mD _si |
||
| 999 |
_c3507 _d3507 |
||